000 01035nam a2200253Ia 4500
003 OSt
005 20220923211006.0
006 a|||||r|||| 00| 0
007 ta
008 220922b |||||||| |||| 00| 0 hin d
020 _a8170167132 (hbk)
_c250
024 _a237,652
037 _b405, 23/03/2009, Swaraj Prakashan
_cTextual
040 _aARTS
_cARTS
_bhin
041 _2hin
_ahin
082 _aO157,3M76,34, 152P5
100 _aचट्टोपाध्याय, शरत्चन्द्र; शर्मा, ओमप्रकाश, संपा.
_9156923
245 0 _aशेष प्रश्न
246 _aSheṣh prashna
260 _aनयी दिल्ली
_b किताबघर प्रकाशन
_c2005
300 _a292पृ.
_ccm.
942 _hO157,3M76,34, 152P5
_cTEXL
_2CC
999 _c293625
_d293625